Surface and bulk structure of carbon black studied by scanning tunneling microscopy and wide angle scattering (Record no. 69981)

MARC details
000 -LEADER
fixed length control field 00652nam a2200229Ia 4500
100 ## - MAIN ENTRY--AUTHOR NAME
Personal name Schneider G J
245 #0 - TITLE STATEMENT
Title Surface and bulk structure of carbon black studied by scanning tunneling microscopy and wide angle scattering
260 ## - PUBLICATION, DISTRIBUTION, ETC. (IMPRINT)
Name of publisher Kautschuk Gummi Kunststoffe
Year of publication 2005
300 ## - PHYSICAL DESCRIPTION
Number of Pages 570-574
650 ## - SUBJECT ADDED ENTRY--TOPICAL TERM
Topical Term Carbon black
650 ## - SUBJECT ADDED ENTRY--TOPICAL TERM
Topical Term Scanning tunneling microscopy
650 ## - SUBJECT ADDED ENTRY--TOPICAL TERM
Topical Term STM
650 ## - SUBJECT ADDED ENTRY--TOPICAL TERM
Topical Term Surface structure
650 ## - SUBJECT ADDED ENTRY--TOPICAL TERM
Topical Term WAXS
650 ## - SUBJECT ADDED ENTRY--TOPICAL TERM
Topical Term Wide sngle X-ray scattering
700 ## - ADDED ENTRY--PERSONAL NAME
Personal name Bergmann A
700 ## - ADDED ENTRY--PERSONAL NAME
Personal name Goritz D
700 ## - ADDED ENTRY--PERSONAL NAME
Personal name Raab H
700 ## - ADDED ENTRY--PERSONAL NAME
Personal name Weigert A
942 ## - ADDED ENTRY ELEMENTS (KOHA)
Koha item type Journals
Holdings
Withdrawn status Lost status Damaged status Not for loan Home library Current library Shelving location Date acquired Serial Enumeration / chronology Koha item type
      Journals RRII Library RRII Library Rubber chemistry 17/12/2021 Volume 58, Issue 11 Journals